| 000 | 00746cam a2200241 i 4500 | ||
|---|---|---|---|
| 001 | 846468 | ||
| 005 | 20180208071918.0 | ||
| 008 | 780125s1978 njua b 001 0 eng | ||
| 010 | _a 78001055 | ||
| 020 |
_a0130846244 : _c$19.95 |
||
| 040 |
_aDLC _cDLC _dDLC |
||
| 041 | _aeng | ||
| 080 | _a621.381 wal | ||
| 082 | 0 | 0 | _a621.381 wal |
| 100 | 1 | _a27 | |
| 101 | _aeng | ||
| 240 | 1 | 0 | _aComplete handbook of practical reference data |
| 245 | 1 | 0 |
_aBuchsbaum's Complete handbook of practical electronic reference data / _cWalter H. Buchsbaum. |
| 504 | _aIncludes bibliographies and index. | ||
| 740 | _aComplete handbook of practical electronic reference data. | ||
| 906 |
_a7 _bcbc _corignew _d1 _eocip _f19 _gy-gencatlg |
||
| 942 |
_2ddc _cBK |
||
| 999 |
_c42141 _d42141 |
||